Get the Picture: Does It Have a Keyboard? Quiz Stats

 Plays Quiz Updated Sep 15, 2019

Score 0/20 Timer 02:00
2 Plays Today
Question Answer Wrong Answers
Piano Keyboard
94%
No-board
0.9%
Organ Keyboard
92%
No-board
2.6%
Flugelhorn No-board
91.5%
Keyboard
3.2%
Harp No-board
91.5%
Keyboard
3.3%
Timpani No-board
88.7%
Keyboard
6%
Synthesizer Keyboard
88.2%
No-board
6.8%
Vuvuzela No-board
87.3%
Keyboard
7.2%
Harmonica No-board
86.9%
Keyboard
7.8%
Accordion Keyboard
86.5%
No-board
8%
Sousaphone No-board
85.1%
Keyboard
9.3%
Octobass No-board
84.7%
Keyboard
9.8%
Clavichord Keyboard
82.1%
No-board
12.5%
Harpsichord Keyboard
79.4%
No-board
15.3%
Theremin No-board
73.9%
Keyboard
20.7%
Ocarina No-board
73.4%
Keyboard
21.1%
Euphonium No-board
64%
Keyboard
30.7%
Clavinova Keyboard
62.3%
No-board
32.2%
Harmonium Keyboard
61.5%
No-board
32.9%
Celesta Keyboard
47.9%
No-board
47%
Carillon Keyboard
45.7%
No-board
49.2%

Today's Daily Dose

Missing Word
Sherlocks

Word Ladder
King of the Hill

Quick Pick
Songs in Pink

Get the Picture
NBA Teammates

You're not logged in!

Compare scores with friends on all Sporcle quizzes.
OR
Log In

Sporcle TV

Today on Sporcle TV


Watch our educational content, quiz creation guides, and fun videos on Sporcle TV.

Show Comments

Extras

Top Quizzes Today


Score Distribution

Your Account Isn't Verified!

In order to create a playlist on Sporcle, you need to verify the email address you used during registration. Go to your Sporcle Settings to finish the process.

Report this User

Report this user for behavior that violates our Community Guidelines.

Details: